Германия в българското образование (Запис номер 155709)
[ съкратено ]
| 000 -Лидер | |
|---|---|
| Контролно поле с фиксирана дължина | 03640nam a2200625 c 4500 |
| 003 - Код на организацията, давaща контролен номер | |
| Контролно поле | BLK |
| 005 - Дата и час на последна редакция | |
| Контролно поле | 20250604095632.0 |
| 008 - Елементи от данни с фиксирана дължина | |
| fixed length control field | 180410b bul|||||r ||||||| ||bul|| |
| 010 ## - Наследен системен номер | |
| LC control number | KNG00162436000 |
| 020 ## - Международен стандартен номер на книга ISBN | |
| Международен стандартен номер на книга ISBN | 978-619-7058-17-8 |
| 040 ## - Източник на каталожния запис | |
| Идентификатор на билиотеката - собственик на записа | BLK |
| 041 ## - Код за език | |
| Код за езика на текст/звукозапис или на отделно заглавие | Български |
| Код за езика КДБФ | Български |
| 072 #7 - Код за тематичната категория | |
| Код организация | bullib |
| Код за тематична категория | Н37 |
| Текст | Образование. Педагогика Н |
| 072 #7 - Код за тематичната категория | |
| Код организация | bullib |
| Код за тематична категория | К |
| Текст | Краезнание |
| 072 #7 - Код за тематичната категория | |
| Код организация | bullib |
| Код за тематична категория | Я |
| Текст | Автографи |
| 072 #7 - Код за тематичната категория | |
| Код организация | bullib |
| Код за тематична категория | РА |
| Текст | Русенски автори |
| 080 ## - УДК | |
| Текстов определител УДК | Основи на възпитанието (материални, теоретични, философски и др.). Педагогика |
| УДК код - определител по УДК | 37.01 |
| УДК определител | (497.2+430) |
| УДК - код + определител | 37.01(497.2+430) |
| 100 ## - Редна дума - Автор | |
| Автор | Ненов, Николай Иванов |
| Автор - информация (биография) | историк, професор, доктор, Русенски ист. музей |
| R(LIN) | 366222 |
| 139 ## - Редно поле | |
| Редна дума | Германия в българското образование |
| Авторски знак | Герм - Г 40 |
| 245 10 - Сведения за заглавието | |
| Заглавие | Германия в българското образование |
| Редно поле (дума) | Николай Иванов Ненов; състав. Николай Иванов Чакъров; * Радослав Захариев Мишев; * Пепа Ненова Балкова; * Николай Иванов Чакъров; * Марияна Георгиева; * Наталия Иванова; * Христо Иванов Белоев; * Петър Стефанов Сигалов; * Борислав Ангелов; * Добрил Христов Христов; * Мартин Иванов; * Анна Върбанова; * Таня Великова; * Толя Чорбаджиева. |
| 257 ## - Страна на издаване | |
| Страна на създаване/издаване | България |
| 260 ## - Област на издателските данни | |
| Име на издателя, разпространителя и проч. | Лени-Ан |
| Година на издаване | 2014 |
| 300 ## - Физическа характеристика | |
| Страници | 133 с. |
| Илюстрации и др. | с ил., сн. |
| Размери/Мащаб | 21 см |
| 380 ## - Жанр | |
| Жанр | Обществени науки |
| 500 ## - Общи забележки | |
| Забележка | Името на състав. отбелязано на гърба на загл. с. - Изд. на СОУ с преподаване на немски език Фр. Шилер - Русе. - Библиогр. след отд. материали и под линия. |
| 650 #4 - Допълнително описание по предмет – тема | |
| Основно описание – тема или топоним | Образование и просвета - България |
| 9 (RLIN) | 262383 |
| 650 #4 - Допълнително описание по предмет – тема | |
| Основно описание – тема или топоним | България и Германия |
| 9 (RLIN) | 279858 |
| 651 #4 - Допълнително описание по предмет - топоним | |
| Географско понятие | България |
| 9 (RLIN) | 241624 |
| 653 ## - Ключова дума – ненормативна | |
| Ключова дума | образование |
| 659 ## - Тематичен бюлетин | |
| Тематичен бюлетин | К |
| 659 ## - Тематичен бюлетин | |
| Тематичен бюлетин | Н |
| 659 ## - Тематичен бюлетин | |
| Тематичен бюлетин | Я |
| 700 1# - Други автори (авторска отговорност) | |
| Лично име | Чакъров, Николай Иванов |
| Автороска отговорност (Описва отношението между автора и произведението) | състав. |
| 9 (RLIN) | 381135 |
| 700 1# - Други автори (авторска отговорност) | |
| Лично име | Мишев, Радослав Захариев |
| Автороска отговорност (Описва отношението между автора и произведението) | * |
| 9 (RLIN) | 365727 |
| 700 1# - Други автори (авторска отговорност) | |
| Лично име | Балкова, Пепа Ненова |
| Автороска отговорност (Описва отношението между автора и произведението) | * |
| 9 (RLIN) | 332975 |
| 700 1# - Други автори (авторска отговорност) | |
| Лично име | Чакъров, Николай Иванов |
| Автороска отговорност (Описва отношението между автора и произведението) | * |
| 9 (RLIN) | 381135 |
| 700 1# - Други автори (авторска отговорност) | |
| Лично име | Георгиева, Марияна |
| Автороска отговорност (Описва отношението между автора и произведението) | * |
| 9 (RLIN) | 332976 |
| 700 1# - Други автори (авторска отговорност) | |
| Лично име | Иванова, Наталия |
| Автороска отговорност (Описва отношението между автора и произведението) | * |
| 9 (RLIN) | 372321 |
| 700 1# - Други автори (авторска отговорност) | |
| Лично име | Белоев, Христо Иванов |
| Дати, свързани с автора | 1958 - |
| Друга информация | Инженер, селскостопанска техника. Професор, член-кореспондент. |
| 9 (RLIN) | 37903 |
| 700 ## - Други автори (авторска отговорност) | |
| Лично име | Сигалов, Петър Стефанов |
| Дати, свързани с автора | 1946 - |
| Друга информация | Инженер |
| 9 (RLIN) | 381136 |
| 700 1# - Други автори (авторска отговорност) | |
| Лично име | Ангелов, Борислав |
| Автороска отговорност (Описва отношението между автора и произведението) | * |
| 9 (RLIN) | 332977 |
| 700 1# - Други автори (авторска отговорност) | |
| Лично име | Христов, Добрил Христов |
| Автороска отговорност (Описва отношението между автора и произведението) | * |
| 9 (RLIN) | 365798 |
| 700 1# - Други автори (авторска отговорност) | |
| Лично име | Иванов, Мартин |
| Автороска отговорност (Описва отношението между автора и произведението) | * |
| 9 (RLIN) | 332978 |
| 700 1# - Други автори (авторска отговорност) | |
| Лично име | Върбанова, Анна |
| Автороска отговорност (Описва отношението между автора и произведението) | * |
| 9 (RLIN) | 381137 |
| 700 1# - Други автори (авторска отговорност) | |
| Лично име | Великова, Таня |
| Автороска отговорност (Описва отношението между автора и произведението) | * |
| 9 (RLIN) | 375012 |
| 700 1# - Други автори (авторска отговорност) | |
| Лично име | Чорбаджиева, Толя |
| Автороска отговорност (Описва отношението между автора и произведението) | * |
| 9 (RLIN) | 332979 |
| 852 ## - Местоположение | |
| Форматна сигнатура | Цб 269476 |
| 852 ## - Местоположение | |
| Форматна сигнатура | К 37/Г 40 |
| 856 4# - Електронен адрес и достъп | |
| Електронен формат | pdf - файл |
| 856 4# - Електронен адрес и достъп | |
| Електронен формат | pdf - файл |
| 999 ## - СИСТЕМНИ КОНТРОЛНИ НОМЕРА | |
| Koha biblionumber | 155709 |
| Koha biblioitemnumber | 155709 |
| 942 ## - АРТИКУЛИ | |
| Вид на библиотечния материал | Книги |
| Скрит в OPAC | Не |
| Периодичен библиозапис | Да |
| 944 ## - СЪЗДАВАНЕ И РЕДАКЦИЯ на ЗАПИСА | |
| Създаване/Редакция | Създаване |
| Дата на регистрацията/редакция | 20.06.2014 |
| Статус, дата на статуса | Геновева Генчева |
| Служител, извършил регистрацията/редакцията | 30560 |
| 944 ## - СЪЗДАВАНЕ И РЕДАКЦИЯ на ЗАПИСА | |
| Създаване/Редакция | Редакция |
| Дата на регистрацията/редакция | 26.11.2015 |
| Статус, дата на статуса | ф / |
| Служител, извършил регистрацията/редакцията | Людмила_Стоянова |
| 999 ## - СИСТЕМНИ КОНТРОЛНИ НОМЕРА | |
| Koha biblioitemnumber | 155709 |
| Код за отписване | Код за изгубен артикул | Код за повреда | Коз за рестрикции | Код за отдаване | Артикулен № | Име на библиотеката - собственик | Име на библиотеката, в която се намира в момента | Статус (Текущо местоположение) | Дата на вписване в системата | Местоположение - отдел | Цена в лева | Инвентарен номер | Систематично азбучна сигнатура | Баркод | Номер на екземпляра | Цена в евро | Служебна бележка | Служебен тип на артикула |
|---|---|---|---|---|---|---|---|---|---|---|---|---|---|---|---|---|---|---|
| Не е изгубен | Не е повреден | без рестрикции | ползва се в читалня | 261164 | Регионална библиотека "Любен Каравелов" Русе | Регионална библиотека "Любен Каравелов" Русе | Хранилище | 2014-06-23 | Основен фонд - ползва се само за читалня | 6.00 | 120000778592 | Цб 269476 | 120000778592 | 1 | 3.07 | Дост: DA Вид: А N: 10 Дата: 23.06.2014 | Книги | |
| Не е изгубен | Не е повреден | без рестрикции | ползва се в читалня | 261165 | Регионална библиотека "Любен Каравелов" Русе | Регионална библиотека "Любен Каравелов" Русе | Краезнание | 2014-06-23 | Краезнание | 6.00 | 120000778593 | К 37/Г 40 | 120000778593 | 2 | 3.07 | Дост: DA Вид: А N: 10 Дата: 23.06.2014 Дата инв: 09.11.2017 Бележки инв: К2017 | Книги | |
| Не е изгубен | Не е повреден | без рестрикции | ползва се в читалня | 261166 | Регионална библиотека "Любен Каравелов" Русе | Регионална библиотека "Любен Каравелов" Русе | Хранилище | 2015-08-06 | Хранилище | 6.00 | 120000790737 | Цб 269476 | 120000790737 | 3 | 3.07 | Дост: Dp Вид: Д N: 14 Дата: 27.03.2015 | Книги |